[Event "Selfoss Chess Festival 2019"]
[Site "Selfoss"]
[Date "2019.11.29"]
[Round "9.1"]
[White "Steingrimsson, Hedinn"]
[Black "Gretarsson, Helgi Ass"]
[Result "1/2-1/2"]
[WhiteElo "2549"]
[BlackElo "2415"]
[Annotator "TA"]
[PlyCount "167"]
[EventDate "2019.11.19"]
[EventType "tourn"]
[EventCountry "ISL"]
[SourceTitle "playchess.com"]
[Source "ChessBase"]
[SourceQuality "1"]

{[%evp 12,166,48,45,45,50,47,36,45,36,44,48,65,61,54,66,91,98,90,95,153,152,165,146,170,125,170,169,180,173,172,157,187,179,171,185,147,128,161,133,166,56,181,106,229,225,285,234,248,225,224,218,216,204,300,283,373,372,302,214,270,272,29983,536,664,628,654,685,647,665,665,604,563,482,901,925,726,671,622,622,1276,314,307,307,300,300,291,0,0,0,0,-189,-45,-45,-45,-189,-189,-189,-189,-189,-189,-189,-189,-189,-12,-189,-189,-189,-189,-189,-189,-189,-189,-189,-189,-189,-189,-189,-189,-189,-189,-189,-189,-189,-189,-189,0,-120,-12,-12,-12,-12,-12,-12,-12,-12,-12,-12,-12,-12,-12,-12,-12,-12,-12,-12,-12,-12,-12,-12,-12,-12,-12,-12,-12,-12,0]} 1. d4 g6 2. c4 Bg7 3. Nf3 d6 4. Nc3 Bg4 5. e3 c5 6. Be2 Nc6 7. d5 Bxc3+ {A35: Symmetrical English: 2 Nc3 Nc6 3 Nf3} 8. bxc3 Bxf3 9. Bxf3 Ne5 {White is slightly better.} 10. Be2 f5 11. Rb1 Qd7 (11... Qc7 12. Qa4+ Kf8 13. f4 Nf7 14. Bf3 Nf6 15. O-O Kg7 16. Bd2 {1-0 (54) Zhou,J (2597)-Wen,Y (2605) Sanya 2017}) 12. f4 $36 {[%mdl 2048] Black is under pressure.} Nf7 $1 13. e4 Nf6 $146 ({Predecessor:} 13... fxe4 14. Bg4 Qc7 15. O-O Nf6 16. Be6 {0-1 (35) Minovsky,R (1994)-Pauschek,R (2082) ICCF email 2004}) 14. exf5 gxf5 15. O-O O-O (15... O-O-O $142) 16. Bd3 $16 Rae8 17. Re1 Nd8 18. Re6 Nxe6 19. Bxf5 {[%mdl 64] Pin} Qc7 20. Bxe6+ Kh8 21. f5 {[%mdl 1024] White has strong compensation.} Qa5 22. Qc2 (22. Rxb7 Qxc3 23. Bh6 (23. Rxa7 $2 Qa1 $17) 23... Ng4 $11) 22... Rb8 23. Bh6 Rfd8 24. Rb5 Qc7 25. Qb1 b6 26. a4 (26. Rb2 $18) 26... Ng4 (26... a6 $1 $14 27. Rb3 Ng4) 27. Bf4 (27. Bc1 $18) 27... Rf8 (27... a6 $16 28. Rb2 Nf6) 28. h3 $18 Ne5 29. Qe4 Nd7 30. Bh6 Rf6 31. Bg5 Ne5 32. Kh2 ({Not} 32. Bxf6+ exf6 33. Qf4 Qg7 $11) 32... Rbf8 (32... Qd8 $142 33. Bxf6+ exf6) 33. Bf4 ({Less strong is} 33. Bxf6+ exf6 34. Qh4 Kg7 $14) 33... Qb7 34. Bxe5 dxe5 35. Qxe5 Qa6 36. a5 bxa5 $2 (36... Qb7 $18 37. axb6 axb6) 37. g4 (37. Rb8 $142 Kg7 38. Rxf8 Qxe6 39. fxe6 Kxf8 40. d6 Rxe6 41. Qxe6 exd6 42. Qxd6+ {[%mdl 64] Double Attack} Ke8 43. Qxc5 {[%mdl 64] Double Attack}) 37... h6 38. h4 Qd6 39. Qxd6 exd6 40. Rxa5 {[%mdl 4096] Endgame KRR-KRB} h5 41. Rxa7 hxg4 42. Kg3 Rh6 (42... Rb8 $142 43. Ra6 Kg7 44. Rxd6 Rh6) 43. Rd7 Ra8 44. Kxg4 Ra1 {If only Black now had time for ...Rg1+....} 45. Rxd6 Rg1+ 46. Kf3 $2 (46. Kf4 Rxh4+ 47. Ke5 Re1+ 48. Kf6 Rh6+ 49. Kg5) 46... Rxh4 47. Rd8+ Kh7 {White should prevent ...Rc1.} 48. d6 Rc1 {[#]} 49. d7 $2 (49. Kg3 $1 $18 {[%cal Rg3h4]} Re4 50. Re8 Rxc3+ 51. Kf2) 49... Rxc3+ $11 50. Kg2 {White threatens Rh8+! and mate.} Rd4 {( -> ...Rd2+)} 51. Rg8 $2 (51. Kf2 $11 {and White has nothing to worry.}) 51... Rd2+ (51... Rxd7 $1 $19 52. Bxd7 Kxg8) 52. Kh1 $15 {[#]} Rxd7 $1 {[%mdl 576] ...Rd2 is the strong threat. Deflection} 53. Bxd7 (53. f6 $15) 53... Kxg8 {KR-KB} 54. Be6+ Kg7 {And now ...Rg3 would win.} 55. Kg2 Kf6 56. Kf2 Ke5 57. Ke2 Kd4 $2 (57... Rc1 $19 {Threatens to win with ...Rc3.} 58. Kd2 Rg1) 58. Kf2 $2 (58. Bd5 $1 $11 {and White stays safe.}) 58... Ke4 $19 59. Kg2 Ke5 60. Kf2 Rb3 61. Ke2 Kd4 62. Kf2 Ke4 63. Kg2 Ke5 64. Kf2 Ra3 65. Ke2 Kd4 66. Kf2 {intending f6.} Ke4 67. Kg2 Ke5 68. Kf2 Ke4 (68... Ra1 $19 69. Ke2 Rh1) 69. Kg2 $1 $17 Ke3 (69... Ra2+ $17 70. Kg3 Ke5) 70. f6 {The position is equal.} Ra2+ 71. Kg3 Rf2 72. f7 Rf6 73. Kg4 $1 {[%cal Rg4g5] Black must now prevent Kg5.} Kd4 74. Kg5 Ke5 75. Bd5 Rf2 76. Kg6 {aiming for Kg7.} Kd6 77. Kg7 Ke7 78. Kg6 $1 Rf1 79. Kg5 Kf8 80. Kg6 $1 Rf2 81. Kg5 Kg7 82. Be6 Rf6 83. Bd5 Kf8 84. Kxf6 {Accuracy: White = 64%, Black = 48%.} 1/2-1/2

[Event "Selfoss Chess Festival 2019"]
[Site "Selfoss"]
[Date "2019.11.29"]
[Round "9.2"]
[White "Leitao, Rafael"]
[Black "Zhigalko, Sergei"]
[Result "1/2-1/2"]
[WhiteElo "2606"]
[BlackElo "2574"]
[Annotator "TA"]
[PlyCount "41"]
[EventDate "2019.11.19"]
[EventType "tourn"]
[EventCountry "ISL"]
[SourceTitle "playchess.com"]
[Source "ChessBase"]
[SourceQuality "1"]

{[%evp 11,41,17,19,14,15,8,25,24,19,25,24,18,35,37,65,16,31,16,41,33,37,39,62,52,46,32,51,41,39,37,40,-41]} 1. Nf3 Nf6 2. c4 e6 3. Nc3 Bb4 4. Qc2 O-O 5. a3 Bxc3 6. Qxc3 d6 7. b4 {A17: English Opening: 1...Nf6 with ...Bb4} e5 8. Bb2 Re8 9. e3 {White has an edge.} Bg4 10. Be2 Nbd7 11. d3 c5 $146 ({Predecessor:} 11... Nf8 12. h3 {½-½ (12) Krivoshey,S (2496)-Epishin,V (2554) La Laguna 2007}) 12. h3 Bh5 13. O-O (13. g4 $5 {[%cal Rg4h5]} Bg6 14. g5 $14) 13... b6 14. Rfe1 Rc8 15. Qb3 {White is slightly better.} Qc7 16. b5 Rcd8 17. a4 Nf8 18. Rac1 Qb8 19. g4 Bg6 20. Nh4 d5 21. Nxg6 {Accuracy: White = 49%, Black = 45%.} (21. g5 $14 dxc4 22. Qxc4 (22. Rxc4 Nd5 $14)) 1/2-1/2

[Event "Selfoss Chess Festival 2019"]
[Site "Selfoss"]
[Date "2019.11.29"]
[Round "9.3"]
[White "Khademalsharieh, Sarasadat"]
[Black "Stefansson, Hannes"]
[Result "1/2-1/2"]
[WhiteElo "2491"]
[BlackElo "2546"]
[Annotator "TA"]
[PlyCount "44"]
[EventDate "2019.11.19"]
[EventType "tourn"]
[EventCountry "ISL"]
[SourceTitle "playchess.com"]
[Source "ChessBase"]
[SourceQuality "1"]

{[%evp 19,44,0,0,0,0,-17,-15,-11,-17,-25,-2,-6,-7,-14,0,0,0,0,0,0,16,12,30,22,30,23,35]} 1. d4 Nf6 2. c4 e6 3. Nf3 d5 4. Nc3 Bb4 5. Qa4+ Nc6 6. Bg5 h6 7. Bxf6 Qxf6 8. e3 O-O 9. Rc1 Rd8 10. cxd5 exd5 11. a3 {D38: Queen's Gambit Declined: Ragozin Defence (4 Nf3 Bb4)} (11. Be2 Bf8 12. O-O Ne7 13. Qc2 c6 14. b4 a6 15. a4 Ng6 16. b5 axb5 17. axb5 Bf5 18. Qb3 Bd6 19. bxc6 bxc6 {1-0 (39) Duda,J (2730)-Giri,A (2780) chess.com INT 2019}) 11... Bf8 12. Qd1 Ne7 13. Bd3 {The position is equal.} c6 14. O-O Bg4 15. h3 Bh5 $146 ({Predecessor:} 15... Be6 16. Re1 Ng6 17. e4 dxe4 18. Nxe4 Qf4 {½-½ (68) Lorscheid,G (2205)-Jackson,J (2371) Douglas 2018}) 16. Be2 Bxf3 17. Bxf3 Nf5 18. Na4 Bd6 19. Bg4 Ne7 20. Nc5 b6 21. Nb7 Rdb8 22. Nxd6 Qxd6 1/2-1/2

[Event "Selfoss Chess Festival 2019"]
[Site "Selfoss"]
[Date "2019.11.29"]
[Round "9.4"]
[White "Lomasov, Semyon"]
[Black "Saduakassova, Dinara"]
[Result "0-1"]
[WhiteElo "2553"]
[BlackElo "2505"]
[Annotator "TA"]
[PlyCount "98"]
[EventDate "2019.11.19"]
[EventType "tourn"]
[EventCountry "ISL"]
[SourceTitle "playchess.com"]
[Source "ChessBase"]
[SourceQuality "1"]

{[%evp 11,98,11,14,8,30,26,35,0,0,-8,-8,-55,-56,-114,-109,-99,-78,-102,-105,-106,-99,-180,-178,-194,-179,-235,-231,-233,-220,-248,-237,-283,-224,-217,-208,-314,-202,-231,-233,-240,-250,-450,-442,-472,-354,-367,-367,-385,-349,-422,-419,-450,-354,-352,-317,-308,-323,-393,-395,-376,-335,-337,-320,-358,-366,-375,-366,-364,-356,-416,-427,-412,-359,-363,-366,-414,-356,-337,-331,-357,-345,-469,-462,-462,-447,-631,-593,-12848,-12207]} 1. Nf3 Nf6 2. c4 c5 3. Nc3 Nc6 4. g3 d5 5. cxd5 Nxd5 6. Bg2 g6 7. h4 {A34: Symmetrical English: 2 Nc3, lines with ...d5} (7. d3 Bg7 8. Bd2 O-O 9. h4 Nf6 10. Qc1 Bg4 11. Nh2 Bd7 12. Bh6 Bxh6 13. Qxh6 Nd4 14. Qd2 Qc7 15. e3 Bc6 16. Ne4 Bxe4 17. dxe4 {½-½ (31) Aronian,L (2758)-Vachier Lagrave,M (2774) Khanty-Mansiysk 2019}) 7... Bg7 8. h5 Bf5 9. Qa4 {White is slightly better.} Nb6 $1 {[%cal Rb6a4]} 10. Qb5 Rc8 $1 11. O-O $146 ({Predecessor:} 11. h6 Bf6 12. O-O c4 13. Ne5 O-O 14. Nxc6 bxc6 {1-0 (43) Belous,V (2558)-Burke,J (2526) Greensboro 2018}) 11... c4 $1 12. Na4 (12. h6 $15 Bxh6 13. Ne5) 12... Nxa4 13. Qxa4 gxh5 14. Qxc4 Nd4 {[%cal Bc6d4,Bd4c2,Bc2e3][%mdl 32]} 15. Qa4+ b5 16. Qd1 (16. Qxa7 $17 {keeps fighting.} Nxe2+ 17. Kh2) 16... Nc2 $19 17. Rb1 {[#]} Ne3 $1 $36 {[%cal Re3d1][%mdl 2560] Black has strong initiative.} 18. fxe3 (18. dxe3 $142 Qxd1 19. Rxd1 Bxb1 20. Nd4) 18... Bc2 19. Qe1 {Hoping for Ra1.} Bxb1 20. d3 Bxa2 21. Qb4 O-O 22. Qxb5 Qb6 23. Qg5 (23. Qxb6 {only move.} axb6 24. Nd4) 23... Rc7 24. Bd2 {intending Ba5.} Qxb2 25. e4 Rc2 26. Kh1 $2 (26. Rd1 {was called for.}) 26... h6 27. Qe3 Qb6 28. d4 {[#]} e5 $1 29. Qd3 (29. dxe5 Qxe3) 29... Qb3 30. Qa6 Qc4 31. Qxa7 exd4 32. Rf2 Qc5 33. Qxc5 Rxc5 34. Bb4 Rc1+ 35. Kh2 Rb8 36. Bd6 Rd8 37. Bf4 Rc2 38. Kg1 Bc4 39. Bf1 Ra8 40. Ne1 Rb2 {And now ...d3! would win.} 41. Nd3 Bxd3 42. exd3 Raa2 43. Rf3 Rc2 44. Bh3 Ra1+ 45. Bf1 Kh7 46. Bd6 Kg6 {Black is clearly winning.} 47. Bf4 Rb2 48. Kh1 (48. Rf2 $142 Rb5 49. Kh2) 48... Bf6 49. Bxh6 Rbb1 {Accuracy: White = 34%, Black = 83%.} 0-1

[Event "Selfoss Chess Festival 2019"]
[Site "Selfoss"]
[Date "2019.11.29"]
[Round "9.5"]
[White "Antipov, Mikhail Al."]
[Black "Adly, Ahmed"]
[Result "1/2-1/2"]
[WhiteElo "2558"]
[BlackElo "2607"]
[Annotator "TA"]
[PlyCount "41"]
[EventDate "2019.11.19"]
[EventType "tourn"]
[EventCountry "ISL"]
[SourceTitle "playchess.com"]
[Source "ChessBase"]
[SourceQuality "1"]

{[%evp 23,41,0,0,0,4,3,6,4,9,6,12,8,7,3,7,0,0,0,4,5]} 1. d4 d5 2. c4 c6 3. cxd5 cxd5 4. Nc3 Nf6 5. Nf3 Nc6 6. Bf4 Bf5 7. e3 e6 8. Bd3 Bxd3 9. Qxd3 Bd6 10. Bxd6 Qxd6 11. O-O O-O 12. Rfc1 Rfc8 {The position is equal.} 13. Qd1 {D14: Slav Defence: Exchange variation with ...Bf5} (13. h3 h6 14. a3 Nd7 15. Ne2 a6 16. Rc3 Ne7 17. Rac1 Rxc3 18. Rxc3 Rc8 19. Rxc8+ Nxc8 20. Qc3 Ne7 21. Ne1 Qc6 {½-½ (31) Bai,J (2606)-Bu,X (2729) Daqing 2019}) 13... Nd7 $146 ({Predecessor:} 13... Qd8 14. Ne2 Ne7 15. Rxc8 Rxc8 16. Rc1 Rxc1 17. Qxc1 Qc8 18. Qxc8+ Nxc8 19. Nc3 Nd6 20. Kf1 Kf8 21. Ke2 Ke7 {½-½ (21) Martin Del Campo C,R (2298)-Stremavicius,T (2472) Charlotte 2019}) 14. Ne1 Ne7 15. Nd3 h6 16. h3 a6 17. Na4 b6 18. Rxc8+ Rxc8 19. Rc1 Rxc1 20. Qxc1 Qc6 21. Qxc6 1/2-1/2